|
|
|
|
| LEADER |
00000cam a2200000 a 4500 |
| 001 |
vtls008344278 |
| 003 |
SK-MaSNL |
| 005 |
20260301123236.0 |
| 008 |
230403s1963 xo c g 000 0 slo |
| 015 |
|
|
|a SNBA1963/10-02018
|
| 035 |
|
|
|a SK01SNK19630036495
|
| 035 |
|
|
|a urn:nbn:sk:snk-am3ho1z
|
| 035 |
|
|
|a F34FD6EF-AF8B-43A2-9A0A-13AB78C40F51
|
| 035 |
|
|
|a urn:nbn:sk:snk-am00cvm1
|
| 035 |
|
|
|a SKM000038958
|
| 040 |
|
|
|a SNK
|b slo
|c SNK
|e AACR2
|
| 041 |
0 |
|
|a slo
|
| 044 |
|
|
|a xo
|c SK
|
| 080 |
|
|
|a 631-051(437):06.068
|2 1981
|
| 245 |
0 |
0 |
|a Vyznamenaní 1963
|
| 260 |
|
|
|a Bratislava
|b Pôdohospodárske vydavateľstvo
|c 1963
|e Partizánske
|f Západoslovenské tlačiarne
|
| 300 |
|
|
|a 76, [2] s.
|b portréty
|c 15x21 cm
|
| 366 |
|
|
|e 3500 výt.
|
| 490 |
1 |
|
|a Pôdohospodárske aktuality
|v zv. 32
|
| 648 |
|
7 |
|a 1963
|2 SNKPH
|9 282258
|
| 650 |
0 |
7 |
|a poľnohospodári
|2 SNKPH
|9 17080
|
| 650 |
0 |
7 |
|a ceny a vyznamenania
|2 SNKPH
|9 73045
|
| 655 |
|
7 |
|a brožúry
|2 SNKPH
|9 70146
|
| 830 |
|
0 |
|a Pôdohospodárske aktuality
|9 307436
|
| 852 |
|
|
|a Slovenská národná knižnica
|
| 954 |
|
|
|a odborná, vedecká literatúra pôvodná (slovenská)
|2 lita
|
| 958 |
|
|
|a OND
|
| 958 |
|
|
|a TL
|
| 958 |
|
|
|a RK
|
| 958 |
|
|
|a EUIPO
|
| 999 |
|
|
|c 735539
|d 737469
|
| 952 |
|
|
|a SNK
|b SNK
|y PREZ
|7 0
|p 17A0721816
|o snkSE 3504
|i snkKSP 3805/63
|0 0
|1 0
|4 0
|d 2018-04-06
|f 1
|l 0
|r 2026-02-23 22:43:06
|w 2026-02-23
|
| 952 |
|
|
|a SNK
|b SNK
|y VYP
|7 0
|p 17A1190393
|o snkSE 3504 D1
|i snkKSP 4974/63
|0 0
|1 0
|4 0
|d 2018-09-10
|l 0
|r 2026-02-23 22:43:06
|w 2026-02-23
|